Loading...

Stewart Parker Plays :1

Bibliographic Details
Main Author: Stewart Parker
Format: Printed Book
Published: London Methuem Drama 2000
Subjects:
LEADER 00644nam a22002051a 4500
020 |a 9780413743404  |c 0.00 
040 |a SSUS - Library - Kalady 
082 |a 822  |b STE/S 
100 |a Stewart Parker  
245 |a Stewart Parker Plays :1  |h [Text] 
260 |a London  |b Methuem Drama  |c 2000 
300 |a 334p. 
600 |a Drama English 
600 |a Literature English 
600 |a Literature 
600 |a Play Parker Stewart 
852 |h 822  |i STE/S  |p 055994  |9 573.88  |t 0 
942 |c BK 
999 |c 44164  |d 44164 
952 |0 0  |1 0  |4 0  |6 822_000000000000000_STE_S  |7 0  |9 63906  |a SSUS  |b SSUS  |d 2015-01-08  |g 573.88  |o 822 STE/S  |p 055994  |r 2015-01-08  |v 0.00  |w 2015-01-08  |y BK